000 00364nam a2200145Ia 4500
008 230312s9999||||xx |||||||||||||| ||und||
020 _a9788120337756
082 _a621.406
_bVEN-F
100 _aVenkanna, B. K.
245 0 _aFundamentals of Turbomachinery
260 _bPHI Leanring Pvt Ltd
_aIndia
_c2009
546 _aEng.
650 _aEngineering
942 _cBK
999 _c6161
_d6161